|
|
|
|
| LEADER |
00000nam0a2200000 4500 |
| 001 |
146156 |
| 005 |
20231031144516.0 |
| 029 |
1 |
0 |
|a RU
|b 50-690-89
|c РД
|
| 035 |
|
|
|a (RuTPU)RU\TPU\book\158423
|
| 035 |
|
|
|a RU\TPU\book\158421
|
| 090 |
|
|
|a 146156
|
| 100 |
|
|
|a 20081027d1990 k y0rusy50 ca
|
| 101 |
0 |
|
|a rus
|
| 102 |
|
|
|a RU
|
| 105 |
|
|
|a a l 000zy
|
| 200 |
1 |
|
|a Методы оценки показателей надежности по экспериментальным данным. Надежность в технике
|a Методические указания. РД 50-690-89
|f СССР, Государственный комитет по управлению качеством продукции и стандартам (Госстандарт)
|
| 210 |
|
|
|a Москва
|c Издательство стандартов
|d 1990
|
| 215 |
|
|
|a 132 с.
|c ил.
|
| 225 |
1 |
|
|a Руководящий документ
|
| 229 |
|
|
|a Утверждены и введены в действие Постановлением Государственного комитета СССР по стандартам от 30.10.89 № 3259
|a Взамен ГОСТ 27.201-81; ГОСТ 27.502-83; ГОСТ 27.503-81; ГОСТ 27.504-84
|
| 610 |
1 |
|
|a руководящие документы
|
| 610 |
1 |
|
|a РД
|
| 610 |
1 |
|
|a методы оценки
|
| 610 |
1 |
|
|a показатели
|
| 610 |
1 |
|
|a надежность
|
| 610 |
1 |
|
|a экспериментальные данные
|
| 610 |
1 |
|
|a эксплуатационные наблюдения
|
| 675 |
|
|
|a 62(083)
|v 3
|
| 712 |
0 |
1 |
|a СССР
|b Государственный комитет по управлению качеством продукции и стандартам (Госстандарт)
|c (1989-1991)
|2 stltpush
|3 (RuTPU)RU\TPU\col\12455
|
| 801 |
|
1 |
|a RU
|b 63413507
|c 20021122
|g PSBO
|
| 801 |
|
2 |
|a RU
|b 63413507
|c 20221207
|g PSBO
|
| 942 |
|
|
|c BK
|